| 000 | 00444nam a2200169Ia 4500 | ||
|---|---|---|---|
| 008 | 131103s9999 xx 000 0 und d | ||
| 040 | _aLoreto College | ||
| 041 | _aEnglish | ||
| 082 |
_aF/SLA _bLCLIB/13062 |
||
| 100 | _aSlaughter,Frank G. | ||
| 245 |
_aDavid _b Warrior and King _cFrank G.Slaughter |
||
| 260 |
_aLondon _bHutchinson _c1963 |
||
| 300 |
_a411 p. _c 20 cm. |
||
| 650 | _aFiction in English | ||
| 850 | _aLCLIB | ||
| 942 | _cBK | ||
| 999 |
_c15185 _d65664 |
||